00362nam a22001337a 4500003000500000005001700005008004100022040000600063082001700069100001700086245008800103260002800191300000900219CEME20210628203207.0210420b xxu||||| |||| 00| 0 eng d c. a531.11 LON'S aLonely, S. L aSolution of the examples in a tretise on dynamics of a particle and of rigid bodies aLONDONbCAMBRIDGEc1953 a240P